LEADER 01427nam a2200325 i 4500 001 000000058565 003 CaOOAMICUS 005 20090226000000.0 008 090226s1997 fr u000 u fre u 013 $a29737 020 $a2020217961 040 $aSeMil$bita 100 1 $aRicoeur, Paul,$d<1913-2005>.$0(OLS)http://semarc/name/675 240 10$aLectures on ideology and utopia.$0(OLS)http://semarc/title/58505 245 12$aL'idéologie et l'utopie /$cPaul Ricoeur ; traduit de l'américain par Myriam Revault d'Allones et Joël Roman. 260 $aParis :$bÉditions du Seuil,$c1997. 300 $a410 p. ;$c21 cm. 490 0 $aLa couleur des idées 650 4$aUtopia.$0(OLS)http://semarc/subject/2259 650 4$aScienza e politica.$0(OLS)http://semarc/subject/11805 650 4$aIdeologia.$0(OLS)http://semarc/subject/9594 700 1 $aRoman, Joël <1955- >.$0(OLS)http://semarc/name/29865 700 1 $aRevault d'Allones, Myriam.$0(OLS)http://semarc/name/29864 830 3$aLa couleur des idées.$0(OLS)http://semarc/title/14515 850 $aSeMil 852 $aSeMil$W1$xVenegono$y1$m2P V 520$j24718$B24718$CSeMilBibl$Z2$F24721 $81 961 $aAcquisto: Distributore 996 $6020$a2020217961$9(OLS)http://semarc/number/34213 996 $6245$aL'idéologie et l'utopie$9(OLS)http://semarc/title/91321 996 $6260$aParis :$bÉditions du Seuil$9(OLS)http://semarc/publisher/29806 LEADER 01131nam a2200265 i 4500 001 000000204492 003 CaOOAMICUS 005 20110728000000.0 008 110728s1966 it u000 u ita u 013 $a183219 040 $aSeMil$bita 100 1 $aMosca, Gaetano,$d<1858-1941>.$0(OLS)http://semarc/name/6182 245 13$aLa classe politica /$cGaetano Mosca ; a cura e con un'introduzione di Norberto Bobbio. 260 $aBari :$bLaterza,$c1966. 300 $aXXXIX, 293 p. ;$c18 cm. 490 0 $aUniversale Laterza ;$v45 500 $aContiene : Cenni biografici ; Bibliografia dopo il 1952. 650 4$aPolitica - Teorie.$0(OLS)http://semarc/subject/1691 650 4$aClasse dirigente.$0(OLS)http://semarc/subject/32694 700 1 $aBobbio, Norberto,$d<1909-2004>.$0(OLS)http://semarc/name/1206 830 0$aUniversale Laterza ;$v45.$0(OLS)http://semarc/title/6923 850 $aSeMil 852 $aSeMil$W1$xVenegono$y1$m3U I 421$j154986$B154986$CSeMilBibl$Z2$F165868 $81 996 $6245$aLa classe politica$9(OLS)http://semarc/title/296266 996 $6260$aBari :$bLaterza$9(OLS)http://semarc/publisher/29858